| 000 | 00000nam##2200000za#4500 |
| 001 | 9.601287 |
| 003 | CaOODSP |
| 005 | 20210624210012 |
| 007 | cr ||||||||||| |
| 008 | 150406|2004||||xxc|||||o f|0| 0 fre|d |
| 040 | |aCaOODSP|bfre |
| 043 | |an-cn--- |
| 086 | 1 |aYC11-0/381-4F-PDF |
| 110 | 1 |aCanada. |bParlement. |bSénat. |bComité sénatorial permanent des banques et du commerce. |
| 245 | 13|aLe bien public et les actifs privés : |h[ressource électronique]|ble traitement fiscal fédéral des dons de bienfaisance des particuliers et des sociétés / |cL'honorable Jerahmiel S. (Jerry) Grafstein, président; L'honorable W. David Angus, vice-président. |
| 260 | |aOttawa - Ontario : |bSénat. |cDécembre 2004. |
| 300 | |a28p.|btableau |
| 490 | 1 |aRapport du Comité sénatorial permanent des banques et du commerce|v[38e législature, 1re session, 4e rapport] |
| 590 | |a11-12-Supp|b2011-07-29 |
| 775 | 08|tThe public good and private funds : |w(CaOODSP)9.570639 |
| 830 | #0|aRapport du Comité sénatorial permanent des banques et du commerce ;|v[38e législature, 1re session, 4e rapport]|w(CaOODSP)9.501661 |
| 856 | 40|ahttp://publications.gc.ca|qPDF|s202 Ko|uhttps://publications.gc.ca/collections/collection_2011/sen/yc11-0/YC11-0-381-4-fra.pdf|y[38e législature, 1re session, 4e rapport] |